|
|
|
|
| LEADER |
00000nab a2200000 4500 |
| 001 |
vtls012065645 |
| 003 |
SK-MaSNL |
| 005 |
20260426100817.0 |
| 008 |
210816|2013 xo |||| || ||00 0|slo |
| 015 |
|
|
|a SNBRB2021/08
|
| 040 |
|
|
|a SPKCL
|b slo
|e rda
|
| 041 |
|
|
|a slo
|
| 044 |
|
|
|a xo
|c SK
|
| 072 |
|
7 |
|a 11
|x Metafyzika
|2 konspekt
|
| 080 |
|
|
|a 11
|2 2011
|
| 100 |
1 |
|
|a Sobotka, Milan,
|d 1927-
|4 aut
|9 285794
|
| 245 |
1 |
0 |
|a "Prostredníctvom čoho" alebo "čím" poznávame? :
|b Platon, Aristoteles, Hegel
|c Milan Sobotka
|
| 300 |
|
|
|b Grafy, fotografie, tabuľky
|
| 336 |
|
|
|a text
|b txt
|2 rdacontent
|
| 337 |
|
|
|a bez média
|b n
|2 rdamedia
|
| 338 |
|
|
|a zväzok
|b nc
|2 rdacarrier
|
| 600 |
1 |
7 |
|a Platón,
|d 427 pred Kr.-347 pred Kr.
|2 snkbucl
|9 46332
|
| 600 |
1 |
7 |
|a Hegel, Georg Wilhelm Friedrich,
|d 1770-1831
|2 snkbucl
|9 98026
|
| 600 |
1 |
7 |
|a Aristoteles,
|d 384 pred Kr.-322 pred Kr.
|2 snkbucl
|9 186400
|
| 600 |
1 |
7 |
|a Heidegger, Martin,
|d 1889-1976
|2 snkbucl
|9 109315
|
| 650 |
0 |
7 |
|a metafyzika
|2 SNKPH
|9 810
|
| 650 |
0 |
7 |
|a filozofia
|2 SNKPH
|9 793
|
| 655 |
|
7 |
|a BZB
|2 SNKPH
|9 1080216
|
| 773 |
0 |
|
|t Heidegger a grécka filozofia
|d Košice : Univerzita Pavla Jozefa Šafárika, 2013
|g S. 211 -237
|z 9788091521096
|
| 856 |
4 |
1 |
|u //www.unibook.upjs.sk/img/cms/2013/ff/heidegger-a-grecka-filozofia-final.pdf
|
| 958 |
|
|
|a NB
|
| 999 |
|
|
|c 3208608
|d 3210538
|